000 00617nam a22001577a 4500
003 OSt
005 20151117083746.0
008 151117b xxu||||| |||| 00| 0 eng d
040 _cRUA
082 _aFOR LIM 2004 B143 Or.1
100 _93754
_aLIM, SOTHY.
245 _aការរៀបចំ និង គ្រប់គ្រងសហគមន៍ព្រៃឈើនៅភូមិ ត្បែងខាងលិច ឃុំត្បែងស្រុក បន្ទាយស្រី ខេត្ត សៀមរាប
260 _aPhnom Penh
_bRUA
_c2004
300 _av. 34p.
_bill.
_c29cm.
942 _2ddc
_cFOR
999 _c3493
_d3493